=LDR 00000nam 2200000 4500 =001 INLIS000000000029365 =005 20130612131614 =008 ***********************************ind** =035 ##$$0010-061300000029365 =041 ##$$a ind =082 ##$$a F.Rom.K =090 ##$$a F.Rom.K, ASH l =100 ##$$a Ashari, Saiful =245 ##$$a Lolo yang baik hati, Saiful Ashari =260 ##$$a 1997 $b Yogyakarta =300 ##$$a 24 hlm., ilus., 18 cm =650 ##$$a Fiksi Anak =850 ##$$a NBPNMAT